| 000 | 00863cam a22002773a 4500 | ||
|---|---|---|---|
| 001 | 5500 | ||
| 003 | PGUSA | ||
| 005 | 20140828083121.0 | ||
| 008 | 040401s2004||||xxu|||||s|||||000 | eng d | ||
| 040 |
_aPGUSA _beng |
||
| 042 | _adc | ||
| 050 | 4 | _aB | |
| 100 | 1 |
_aBacon, Francis, _d1561-1626 |
|
| 245 | 1 | 4 |
_aThe Advancement of Learning _h[electronic resource] / _cFrancis Bacon |
| 260 |
_bProject Gutenberg, _c2004 |
||
| 506 | _aPublic domain in the USA. | ||
| 516 | _aElectronic text | ||
| 653 | _aKnowledge, Theory of -- Early works to 1800 | ||
| 653 | _aScience -- Methodology -- Early works to 1800 | ||
| 653 | _aLogic -- Early works to 1800 | ||
| 653 | _aLearning -- Philosophy -- Early works to 1800 | ||
| 700 | 1 |
_aMorley, Henry, _d1822-1894 |
|
| 830 | 0 |
_aProject Gutenberg _v5500 |
|
| 856 | 4 | 0 | _uhttp://www.gutenberg.org/ebooks/5500 |
| 942 | _cEB | ||
| 999 |
_c234829 _d234829 |
||